| 000 | 00594nam a2200121Ia 4500 | ||
|---|---|---|---|
| 008 | 171212s9999 xx 000 0 und d | ||
| 020 | _a9780833087492 | ||
| 100 | _aStraus, Susan G.;Shanley, Michael G.;Sims, Carra S.;Hallmark, Bryan W.;Saavedra, Anna Rosefsky | ||
| 245 |
_cStraus, Susan G.;Shanley, Michael G.;Sims, Carra S.;Hallmark, Bryan W.;Saavedra, Anna Rosefsky _aInnovative Leader Development _bEvaluation of the U.S. Army Asymmetric Warfare Adaptive Leader Program |
||
| 260 |
_bRAND Corporation _c2014 |
||
| 650 | _aBusiness | ||
| 856 | _uhttp://www.jstor.org/stable/10.7249/j.ctt14bs1vn | ||
| 999 |
_c352226 _d352226 |
||